Top 20 des pays avec le plus d'aéroports - Statistiques

Statistiques générales
  • Ce quiz a été pris 575 fois
  • Le résultat moyen est 15 sur 20
Statistiques - réponses
Nombre d'aéroports Pays % Correct
1) 15873 États Unis
100%
10) 689 France
100%
15) 531 Chine
98%
7) 904 Russie
97%
5) 1425 Canada
96%
2) 4919 Brésil
95%
8) 838 Allemagne
93%
20) 363 Espagne
93%
9) 756 Argentine
90%
4) 1485 Mexique
90%
6) 1043 Royaume Uni
90%
3) 2180 Australie
89%
12) 636 Italie
87%
13) 575 Afrique du Sud
67%
11) 662 Colombie
67%
16) 513 Indonesie
64%
18) 374 Chili
63%
17) 502 Venezuela
41%
19) 370 Kenya
9%
14) 535 Papouasie Nouvelle Guinée
5%
Aucun quiz correspondant
Distribution des résultats
% des personnes avec chaque résultat
Percentile par nombre de réponses
Votre historique - résultats
Vous n’avez pas pris ce quiz